Normal view
MARC view
- Sammes, A.J Rice, M.A
Entry Personal Name
001 - CONTROL NUMBER
- control field: 56981
003 - CONTROL NUMBER IDENTIFIER
- control field: NUST
005 - DATE AND TIME OF LATEST TRANSACTION
- control field: 20210628201826.0
008 - FIXED-LENGTH DATA ELEMENTS
- fixed length control field: 210628|| aca||aabn | a|a d
040 ## - CATALOGING SOURCE
- Original cataloging agency: NUST
- Transcribing agency: NUST
100 ## - HEADING--PERSONAL NAME
- Personal name: Sammes, A.J Rice, M.A
670 ## - SOURCE DATA FOUND
- Source citation: Work cat.: (NUST): Sammes, A.J Rice, M.A, Command and control:support system in the gulf war, brassey's new battlefield weapons systems, 1994
